| Record ID | marc_records_scriblio_net/part09.dat:70407620:800 |
| Source | Scriblio |
| Download Link | /show-records/marc_records_scriblio_net/part09.dat:70407620:800?format=raw |
LEADER: 00800cam 2200193 4500
001 75906784 /SA/r922
003 DLC
005 19921203120824.1
008 700717s1966 ii ab s 000 0 eng
010 $a 75906784 /SA/r922
040 $aDLC$cDLC$dDLC
050 00 $aHD4295.M9$bA524 1966b
110 10 $aMysore (India : State).$bPublic Works Dept.
245 10 $aRegional study of the P.W.D. development activities in the Shimoga Circle,$bcomprising of Shimoga, Chitradurga, Hassan, and Chickmagalur Districts during the Period from 1956 to 1965.
260 0 $a[Bangalore,$c1966]
300 $a58 p.$billus., map.$c22 cm.
500 $aCover title: Development activities in Shimoga circle, 1956-1965.
650 0 $aPublic works$zIndia$zKarnataka.
740 1 $aDevelopment activities in Shimoga Circle, 1956-1965.